Muslim mahileyaru mattu talakh (Record no. 120607)
[ view plain ]
| 000 -LEADER | |
|---|---|
| fixed length control field | 03909nam a2200217Ia 4500 |
| 003 - CONTROL NUMBER IDENTIFIER | |
| control field | OSt |
| 005 - DATE AND TIME OF LATEST TRANSACTION | |
| control field | 20250703105343.0 |
| 008 - FIXED-LENGTH DATA ELEMENTS--GENERAL INFORMATION | |
| fixed length control field | 210210b2016 xxu||||| |||| 00| 0 eng d |
| 040 ## - CATALOGING SOURCE | |
| Transcribing agency | AL |
| 041 ## - LANGUAGE CODE | |
| Language code of text/sound track or separate title | Kannada |
| 082 ## - DEWEY DECIMAL CLASSIFICATION NUMBER | |
| Classification number | 305.4K SARM |
| 100 ## - MAIN ENTRY--PERSONAL NAME | |
| Personal name | Sayed, Mehboob Sha Qadri |
| 9 (RLIN) | 216999 |
| Dates associated with a name | ಸಯೀದ್, ಮೆಹಬೂಬ್ ಶಾ ಖಾದ್ರಿ |
| 245 ## - TITLE STATEMENT | |
| Title | Muslim mahileyaru mattu talakh |
| Remainder of title | ಮುಸ್ಲಿಂ ಮಹಿಳೆಯರು ಮತ್ತು ತಲಾಖ್ |
| 260 ## - PUBLICATION, DISTRIBUTION, ETC. | |
| Place of publication, distribution, etc. | Mangaluru |
| Name of publisher, distributor, etc. | Chandragiri Prakashana |
| Date of publication, distribution, etc. | 2016 |
| 300 ## - PHYSICAL DESCRIPTION | |
| Extent | xi,156 |
| 520 ## - SUMMARY, ETC. | |
| Summary, etc. | ಸೈಯದ್ ಭಾಯಿ ಎಂಬುವರು ‘ಏಕಪಕ್ಷೀಯ ತಲಾಖ್ ವಿರುದ್ಧ ನಮ್ಮ ಯುದ್ಧ’ ಎಂಬ ಉಪಶೀರ್ಷಿಕೆಯಡಿ ಮೂಲ ಮರಾಠಿಯಲ್ಲಿ ಬರೆದ ವಿಚಾರಪೂರ್ಣ ಬರಹಗಳನ್ನು ಅಂಜಲಿ ಪಟವರ್ಧನ ಕುಲಕರ್ಣಿ ಅವರು ಇಂಗ್ಲಿಷಿಗೆ ಅನುವಾದಿಸಿದ್ದನ್ನು ಲೇಖಕಿ ಸಾರಾ ಅಬೂಬಕರ್ ಅವರು ಕನ್ನಡೀಕರಿಸಿದ ಕೃತಿಯೇ-ಮುಸ್ಲಿಂ ಮಹಿಳೆಯರು ಮತ್ತು ತಲಾಖ್. ಸ್ವತಃ ತಂಗಿಯು ತಲಾಖ್ ಕ್ರೌರ್ಯಕ್ಕೆ ಒಳಗಾದಾಗ ಲೇಖಕ ಸೈಯದ್ ಭಾಯಿ ಅವರು ವಿವಿಧ ಹಂತಗಳಲ್ಲಿ ಹೋರಾಟ ನಡೆಸಿದ್ದರ ಫಲವೇ ಈ ಕೃತಿ. 1985ರ ಸುಮಾರಿಗೆ ಸುಪ್ರೀಂಕೋರ್ಟ್ ಶಾಬಾನು ಪ್ರಕರಣದಲ್ಲಿ ಮಹತ್ವದ ತೀರ್ಪು ಅಂದರೆ ವಿಚ್ಛೇದಿತ ಮಹಿಳೆಗೆ ಜೀವನಾಂಶ ನೀಡುವಂತೆ ಆದೇಶಿಸಿತ್ತು. ತಾಹಿರಾಬಿ ಅವರ ಪ್ರಕರಣದಲ್ಲೂ (1974) ಸುಪ್ರೀಂಕೋರ್ಟ್ ಸಿಆರ್ ಪಿಸಿ 125ರನ್ವಯ ವಿಚ್ಛೇದಿತ ಮುಸ್ಲಿಂ ಮಹಿಳೆಗೆ ಜೀವನಾಂಶ ನೀಡುವಂತೆ ನಿರ್ದೇಶಿತ್ತು. ಆದರೆ, ಸರ್ಕಾರ ವಿಚ್ಛೇದಿತ ಮಹಿಳೆಗೆ ಒಂದೆರೆಡು ಸಾವಿರ ರೂ. ಜೀವನಾಂಶ ನೀಡಿದರೆ ಸಾಕು ಎಂದು ಸಿಆರ್ ಪಿಸಿ 127 (3) ಕಾನೂನು ರೂಪಿಸಿತು. ಆದರೆ, ಇದು ತಲಾಖ್ ಪ್ರಕರಣಗಳನ್ನು ಹೆಚ್ಚಿಸುತ್ತದೆ ಎಂಬ ಕಾರಣಕ್ಕೆ ಸುಪ್ರೀಂಕೋರ್ಟ್ ಇದು ಸರಿಯಲ್ಲ ಎಂದು ಅಭಿಪ್ರಾಯಪಟ್ಟಿತ್ತು. ಅಂದಿನ ಪ್ರಧಾನಿ ರಾಜೀವ್ ಗಾಂಧಿ ಸಹ ತೀರ್ಪನ್ನು ಗೌರವಿಸಿದ್ದರು. ಮುಂದೆ, ಅವರ ರಾಜಕೀಯ ನಡೆ ಹೇಗೆ ಬದಲಾಯಿತು ಎಂಬ ಬಗ್ಗೆ ವಿವರಣೆ ಇದೆ. ಸುಪ್ರೀಂ ತೀರ್ಪಿನ ವಿರುದ್ಧ ಅಂದರೆ ದೇಶದಲ್ಲಿ ಮುಸ್ಲಿಂ ಅಪಾಯದಲ್ಲಿದೆ ಎಂದು ಪ್ರತಿಭಟನೆಗಳೂ ನಡೆದವು. ನಂತರ ಅಂದಿನ ರಾಷ್ಟ್ರಪತಿ ಜೈಲ್ ಸಿಂಗ್ ನಡೆ, ಮುಸ್ಲಿಂ ಸಂಸದರ, ನಾಯಕರ ನಡೆಗಳು, ಪಕ್ಷ ಕೇಂದ್ರಿತ ಅಭಿಪ್ರಾಯಗಳು, ಮಸ್ಲಿಂ ಸಮುದಾಯ ಮಾತ್ರವಲ್ಲ; ಇತರೆ ಧರ್ಮಿಯರ ಸ್ಪಂದನ-ವಿರೋಧಗಳು ಎಲ್ಲವನ್ನೂ ದಾಖಲಿಸಿದ ಮಹತ್ವದ ಕೃತಿ ಇದು. |
| 690 ## - LOCAL SUBJECT ADDED ENTRY--TOPICAL TERM (OCLC, RLIN) | |
| Topical term or geographic name as entry element | Women Studies |
| 9 (RLIN) | 216997 |
| 700 ## - ADDED ENTRY--PERSONAL NAME | |
| Personal name | SARA ABUBAKKAR |
| Dates associated with a name | ಸಾರಾ ಅಬೂಬಕ್ಕರ್ Tr |
| 9 (RLIN) | 216998 |
| 906 ## - LOCAL DATA ELEMENT F, LDF (RLIN) | |
| a | 071293 |
| 942 ## - ADDED ENTRY ELEMENTS (KOHA) | |
| Source of classification or shelving scheme | Dewey Decimal Classification |
| Koha item type | Book |
| Withdrawn status | Lost status | Source of classification or shelving scheme | Damaged status | Not for loan | Collection code | Home library | Current library | Shelving location | Date acquired | Source of acquisition | Cost, normal purchase price | Total Checkouts | Full call number | Barcode | Date last seen | Price effective from | Koha item type |
|---|---|---|---|---|---|---|---|---|---|---|---|---|---|---|---|---|---|
| Dewey Decimal Classification | Sociology | St Aloysius Library | St Aloysius Library | 02/17/2021 | Navakarnataka Publication Pvt Ltd Mangalore | 180.00 | 305.4K SARM | 071293 | 02/17/2021 | 02/17/2021 | Book |